| 000 | 00490nam a2200181Ia 4500 | ||
|---|---|---|---|
| 008 | 230524s9999 xx 000 0 und d | ||
| 020 | _a9788131710265 | ||
| 082 |
_a4.16 _bMAZ |
||
| 100 | _aMuhammad Ali Mazidi | ||
| 245 | 4 | _aThe 8051 Microcontroller and Embedded Systems | |
| 250 | _a1ST | ||
| 260 |
_aNEW DELHI _bPearson _c2006 |
||
| 300 | _a416 | ||
| 500 | _aQuantity Number: 118 | ||
| 650 | _aComp-Sc | ||
| 700 | _a" Janice Gillispie Mazidi , Rolin D.McKinlay,,," | ||
| 942 | _cBK | ||
| 999 |
_c25084 _d25084 |
||